| 000 | 00577nam a22001937a 4500 | ||
|---|---|---|---|
| 003 | NLp | ||
| 005 | 20140310181739.0 | ||
| 008 | 130322t xxu||||| |||| 00| 0 eng d | ||
| 020 | _a9719284129 | ||
| 050 |
_aHF 5381 _b.J61 2004 |
||
| 082 |
_aFil 344.012598 _b.J564s 2004 |
||
| 245 |
_aThe 7 secrets for success in employee discipline and dismissal / _cJosephus B. Jimenez. |
||
| 260 |
_aCebu City, Phils : _bCebu Lithographic Printers, _cc2004. |
||
| 300 |
_acxxii, 795 p. _c21 cm. |
||
| 521 | _aFaculty | ||
| 541 | _j1 | ||
| 562 | _e1 | ||
| 942 |
_2lcc _cBK-TR _kTR |
||
| 999 |
_c2685 _d2685 |
||